LEADER 00909nam a2200229 u 4500 001 000000061204 003 CaOOAMICUS 005 20070226121010.0 008 010903s1961 it u000 u ita u 035 $a10901116 040 $aPUL(R)$bita 100 1 $aCanals, Salvatore.$0(OLS)http://pul/name/7639 245 13$aLa Chiesa e il cinema /$cSalvatore Canals. 260 $a[Roma] :$bEnte dello Spettacolo,$cc1961. 300 $a254 p. ;$c22 cm 650 4$aCinema.$0(OLS)http://pul/subject/3452 650 4$aMass media e religione.$0(OLS)http://pul/subject/19308 850 $aPUL 852 $aPUL$W1$xSL Religione 2$y84$mRH E2 8$j79781$nBK-PRI$b $qStampati altre collocazioni$B79781$CPULBib$Z2$F79781 $H $81 941 1 $a10 996 $6245$aLa Chiesa e il cinema$9(OLS)http://pul/title/81721 996 $6260$a[Roma] :$bEnte dello Spettacolo$9(OLS)http://pul/publisher/70001 LEADER 01203nam a2200289 u 4500 001 000000062548 003 CaOOAMICUS 005 20070226121139.0 008 011002s1962 gw u000 u ger u 035 $a10904992 040 $aPUL(R)$bita 100 1 $aSchütz, Paul.$0(OLS)http://pul/name/24272 245 10$aCharisma Hoffnung von der Zukunft der Welt /$cPaul Schütz. 260 $aHamburg :$bFurche,$cc1962. 300 $a123 p. ;$c18 cm 490 1 $aStundenbuch ;$v10 650 4$aCarismi e ministeri.$0(OLS)http://pul/subject/9808 650 4$aDottrina cattolica.$0(OLS)http://pul/subject/9767 830 0$aStundenbuch ;$v10.$0(OLS)http://pul/title/41247 850 $aPUL 852 $aPUL$W1$xSL Religione 1$y3$m67 A 50$j81306$nBK-PRI$b $qStampati$B81306$CPULBib$Z2$F81306 $H $81 852 $aPUL$W1$xSL Religione 1$y3$m67 A 39$j81307$nBK-PRI$b $qStampati$B81307$CPULBib$Z2$F81307 $H $81 941 1 $a8 961 $aINV: 63373 961 $aINV: 63086 996 $6245$aCharisma Hoffnung von der Zukunft der Welt$9(OLS)http://pul/title/83448 996 $6260$aHamburg :$bFurche$9(OLS)http://pul/publisher/61011